Online Catalogue and eLibrary

Janavargika pravurthi kalawa (Record no. 1101)

MARC details
000 -LEADER
fixed length control field 00411nam a2200157Ia 4500
005 - DATE AND TIME OF LATEST TRANSACTION
control field 20250526023114.0
008 - FIXED-LENGTH DATA ELEMENTS--GENERAL INFORMATION
fixed length control field 240331s9999 xx 000 0 und d
020 ## - INTERNATIONAL STANDARD BOOK NUMBER
ISBN 9559161237
082 ## - DDC Classification
Class No. 302.2
Item Number - Author Mark WIC
245 #0 - TITLE STATEMENT
Title Janavargika pravurthi kalawa
260 ## - PUBLICATION, DISTRIBUTION, ETC.
Name of publisher, distributor, etc. Sri Lanka Environmental Jouranalists Forum
Date of publication, distribution, etc. 2001
300 ## - PHYSICAL DESCRIPTION
Extent (e.g. Volumes, Pages etc.) 220 p .,
650 ## - SUBJECT ADDED ENTRY--TOPICAL TERM
Topical term or geographic name entry element Ethnic reports
700 ## - ADDED ENTRY--PERSONAL NAME
Personal name Wickramaratne, D
Relator term (Role) Editor
942 ## - Koha item type (Biblio)
Koha item type Books in Stacks (Lending)
Holdings
Lost status Damaged status Collection code Home library Current library Shelving location Date acquired Full call number Accession Number Item type
    Lending WERC Library WERC Library Social Science Cupboard 03/31/2024 302.2 WIC 4372 Books in Stacks (Lending)

© WERC Library